000 00569cam a22002053a 4500
001 44508
003 PGUSA
005 20140828084021.0
008 131225s2013||||xxu|||||s|||||000 | eng d
040 _aPGUSA
_beng
042 _adc
100 1 _aNock, Albert Jay
245 1 4 _aThe Myth of a Guilty Nation
_h[electronic resource] /
_cAlbert Jay Nock
260 _bProject Gutenberg,
_c2013
506 _aPublic domain in the USA.
516 _aElectronic text
830 0 _aProject Gutenberg
_v44508
856 4 0 _uhttp://www.gutenberg.org/ebooks/44508
942 _cEB
999 _c273759
_d273759